Southville International School and Colleges
Your cart is empty.
  • Cart
  • Lists
    Public lists Eva Luna New books Lux_list list_1
    Your lists Log in to create your own lists
  • Log in to your account
  • Your cookies
  • Search history
Southville International School and Colleges
  • Advanced search
  • Recent comments
  • Most popular
  • Libraries

Log in to your account

Log in with GOOGLE


If you do not have an external account, but do have a local account, you can still log in:

  1. Home
  2. MARC view: Microeconomics
Normal view MARC view ISBD view

Microeconomics (Record no. 366363)

[ view plain ]
MARC details
000 -LEADER
fixed length control field 00517nam a22001937a 4500
003 - CONTROL NUMBER IDENTIFIER
control field 0
005 - DATE AND TIME OF LATEST TRANSACTION
control field 20240923150204.0
008 - FIXED-LENGTH DATA ELEMENTS--GENERAL INFORMATION
fixed length control field 240923b xxu||||| |||| 00| 0 eng d
020 ## - INTERNATIONAL STANDARD BOOK NUMBER
International Standard Book Number 978-0-357-72063-9
050 ## - LIBRARY OF CONGRESS CALL NUMBER
Classification number HB 172
Item number .Ar76 2023
100 ## - MAIN ENTRY--PERSONAL NAME
Personal name Arnold, Roger A.
245 ## - TITLE STATEMENT
Title Microeconomics
Statement of responsibility, etc Arnold, Roger A.
250 ## - EDITION STATEMENT
Edition statement 14th ed.
260 ## - PUBLICATION, DISTRIBUTION, ETC. (IMPRINT)
Place of publication, distribution, etc Australia
Name of publisher, distributor, etc Cengage
Date of publication, distribution, etc C2023
300 ## - PHYSICAL DESCRIPTION
Extent xx, 566p.
Other physical details ill. ; col.:
Dimensions 26cm.
500 ## - GENERAL NOTE
General note Microeconomics.
650 ## - SUBJECT ADDED ENTRY--TOPICAL TERM
Topical term or geographic name as entry element Includes glossary & index.
942 ## - ADDED ENTRY ELEMENTS (KOHA)
Source of classification or shelving scheme Library of Congress Classification
Koha item type Books
Holdings
Withdrawn status Lost status Source of classification or shelving scheme Damaged status Home library Current library Shelving location Date acquired Source of acquisition Sub Shelving location Total Checkouts Full call number Barcode Date last seen Price effective from Koha item type
    Library of Congress Classification   College Library College Library Reserve Section 09/23/2024 Library Fund     HB 172 .Ar76 2023 C23588 09/23/2024 09/23/2024 Books

Microeconomics

APA

Arnold R. A., . (2023). Microeconomics. Australia: Cengage.

Chicago

Arnold Roger A, . 2023. Microeconomics. Australia: Cengage.

Harvard

Arnold R. A., . (2023). Microeconomics. Australia: Cengage.

MLA

Arnold Roger A, . Microeconomics. Australia: Cengage. 2023.

  • Place hold
  • Print
  • Cite
  • Add to your cart (remove)
  • Save record
    BIBTEX Dublin Core MARCXML MARC (non-Unicode/MARC-8) MARC (Unicode/UTF-8) MARC (Unicode/UTF-8, Standard) MODS (XML) RIS
  • More searches
    Search for this title in:
    Other Libraries (WorldCat) Other Databases (Google Scholar) Online Stores (Bookfinder.com) Open Library (openlibrary.org)

Exporting to Dublin Core...

SOUTHVILLE LIBRARY

Southville International School and Colleges Library

1281 Tropical Ave. Cor. Luxembourg St., BF Homes International, Las Pinas City

Tel. No. 8256374 / 252358 Loc. 117/146

Powered by Koha